00600nam a2200193Ia 4500008004100000020001800041082001400059100002200073245001300095250000800108260004200116300002300158500001900181600003300200650001600233942000700249952013300256999001700389240925s9999 xx 000 0 und d a9789332549531 a514.3 MUN aMunkres, James R. 0aTopology a2nd aNew Delhi:bPearson Educationc,2013. a179p.b0fOriginal aIncludes Index aHumanities & Natural Science aMathematics cBK 001040708HUMaUITUbUITUd2019-01-22eAllied Book Companyg1618.96l0o514.3 MUNpQ13912r2024-09-25 07:17:02w2024-09-25yBK c16411d16411